Celebrity Deaths 1920-1939 - Statistics

General Stats
  • This quiz has been taken 132 times
  • The average score is 17 of 30
Answer Stats
Hint Year Answer % Correct
The inventor of the telephone 1922 Alexander Graham Bell
97%
The man who invented the light bulb 1931 Thomas Edison
97%
The world's greatest escape artist 1926 Harry Houdini
90%
Discoverer of radium and polonium 1934 Marie Curie
90%
The pioneering female pilot who disappeared in the South Pacific 1939 Amelia Earhart
89%
The U.S. president during World War I 1924 Woodrow Wilson
85%
Founder of Bolshevism and the force behind the Russian revolution 1924 Vladimir Lenin
84%
The founder of psychoanalysis 1939 Sigmund Freud
78%
The creator of Sherlock Holmes 1930 Arthur Conan Doyle
75%
Depression-era crime duo Bonnie and Clyde 1934 Clyde Barrow
75%
King of the UK and Emperor of India, from 1910 until his death 1936 George V
71%
Depression-era crime duo Bonnie and Clyde 1934 Bonnie Parker
68%
Impressionist painter of water lilies 1926 Claude Monet
68%
Business magnate considered the wealthiest American of all time 1937 John D. Rockefeller
68%
Norwegian explorer who reached the South Pole first 1928 Roald Amundsen
64%
Composer of Rhapsody in Blue 1937 George Gershwin
60%
The father of modern Turkey 1938 Mustafa Kemal Atatürk
60%
Author of The Trial and The Metamorphosis 1924 Franz Kafka
54%
Doc Holliday's friend at the O.K. Corral 1929 Wyatt Earp
51%
Legendary Mexican bandit 1923 Pancho Villa
48%
German general in WWI and later President of Germany 1934 Paul von Hindenburg
46%
The discoverer of King Tut's tomb 1939 Howard Carter
41%
Leader of The Endurance expedition to Antarctica 1922 Ernest Shackleton
36%
Inventor of the game of basketball 1939 James Naismith
32%
The New Zealand physicist who split the atom 1937 Ernest Rutherford
25%
Free-spirited modern dancer of the early 1900s 1927 Isadora Duncan
24%
Spanish dramatist and poet who wrote Poet in New York 1936 Federico Garcia Lorca
20%
North Pole expedition leader 1920 Robert Peary
18%
Russian writer known for his socialist realism 1936 Maxim Gorky
8%
Serbian physicist and physical chemist based in the USA 1935 Mihajlo Pupin
2%
No matching quizzes found
Score Distribution
Percent of People with Each Score
Percentile by Number Answered
Your Score History
You have not taken this quiz